| 000 | 00000nam##2200000za#4500 |
| 001 | 9.602285 |
| 003 | CaOODSP |
| 005 | 20210624210508 |
| 007 | cr ||||||||||| |
| 008 | 150406|2008||||xxc|||||o f|0| 0 fre|d |
| 040 | |aCaOODSP|bfre |
| 043 | |an-cn--- |
| 086 | 1 |aNH18-24/28G-2008F-PDF |
| 110 | 2 |aSociété canadienne d'hypothèques et de logement. |
| 245 | 10|aAvant de réparer ou de remplacer le revêtement du toit |h[ressource électronique] |
| 250 | |aRév. 2008 |
| 260 | |bSociété canadienne d'hypothèques et de logement |cc2000. |
| 300 | |a8p.|bfigure, tableaux |
| 490 | 1 |aVotre maison |vCF28g |
| 590 | |a11-24-Supp|b2011-10-24 |
| 691 | 07|aEntretien|2gcpds |
| 691 | 07|aRénovation domiciliaire|2gcpds |
| 691 | 07|aLogement|2gcpds |
| 775 | 08|tBefore you start repairing or replacing roof finishes |w(CaOODSP)9.571865 |
| 830 | #0|aVotre maison ;|vCF28g|w(CaOODSP)9.501787 |
| 856 | 40|ahttp://publications.gc.ca|qPDF|s263 Ko|uhttps://publications.gc.ca/collections/collection_2011/schl-cmhc/nh18-24/NH18-24-28g-2008-fra.pdf|yCF28g |